000 00980nas a2200265Ia 4500
001 dd13-1855 [d000001948]
003 IT-MiCISF
008 161014c99999999xx |||||||||||| ||und||
040 _aIT-MiCISF
_cIT-MiCISF
041 _aITALIANO
100 _aGervasio Giuseppe
210 _aNuova responsabilità
222 _aNuova responsabilità
245 0 _aFamiglia inculturazione solidarietà
250 _a1a ed.
260 _c1993
501 _bCISF - Centro Internazionale Studi Famiglia - Via Giotto, 36 20145 MILANO (non commercial uses only)
_cCopyright 2016
300 _app. 1-30
362 _a n. 6, giugno [1993]
500 _aSbriscia S., Falciola R., Mignogna G., Buro M.L., Conso V., Penner A.M. e F., Gerardi R., Anfossi G., De Giorgi S. Tema: famiglia, solidarietà, giovani, educazione-familiare, pastorale-familiare, lavoro, aif, associazioni
650 _aFAMIGLIA
_vdossier
700 _aAA.VV.
942 _cCR
957 _71
999 _a1855
_bSi
_g1
_c220947
_d220947